High performance spark : (Record no. 195829)

MARC details
000 -LEADER
fixed length control field 00812nam a2200241Ia 4500
003 - CONTROL NUMBER IDENTIFIER
control field OSt
005 - DATE AND TIME OF LATEST TRANSACTION
control field 20251024112326.0
008 - FIXED-LENGTH DATA ELEMENTS--GENERAL INFORMATION
fixed length control field 210716s2017 xx 000 0 und d
020 ## - INTERNATIONAL STANDARD BOOK NUMBER
International Standard Book Number 9789352135615
040 ## - CATALOGING SOURCE
Transcribing agency AIMIT LIBRARY
041 ## - LANGUAGE CODE
Language code of text/sound track or separate title eng
082 ## - DEWEY DECIMAL CLASSIFICATION NUMBER
Classification number 005.76821
Edition number 1
Item number KARH
100 ## - MAIN ENTRY--PERSONAL NAME
Personal name Karau, Holden.
9 (RLIN) 242653
245 ## - TITLE STATEMENT
Title High performance spark :
Remainder of title best practices for scaling and optimizing apache spark /
Statement of responsibility, etc. By Holden Karau and Rachel Warren.
250 ## - EDITION STATEMENT
Edition statement 1st
260 ## - PUBLICATION, DISTRIBUTION, ETC.
Place of publication, distribution, etc. New Delhi :
Name of publisher, distributor, etc. Shroff Publications and Distributers Pvt Ltd ,
Date of publication, distribution, etc. 2017.
300 ## - PHYSICAL DESCRIPTION
Extent xiv,339p. ;
Other physical details PB
Dimensions 23.5 cm
650 ## - SUBJECT ADDED ENTRY--TOPICAL TERM
Topical term or geographic name entry element How spark works
9 (RLIN) 242654
650 ## - SUBJECT ADDED ENTRY--TOPICAL TERM
Topical term or geographic name entry element Effective transformation
9 (RLIN) 242669
650 ## - SUBJECT ADDED ENTRY--TOPICAL TERM
Topical term or geographic name entry element Testing and validation
9 (RLIN) 242670
700 ## - ADDED ENTRY--PERSONAL NAME
Personal name Warren, Rachel.
9 (RLIN) 242655
942 ## - ADDED ENTRY ELEMENTS (KOHA)
Source of classification or shelving scheme Dewey Decimal Classification
Koha item type Book
Edition 1st
Call number prefix 005.76821 KARH
Holdings
Withdrawn status Lost status Source of classification or shelving scheme Damaged status Not for loan Collection code Home library Current library Date acquired Source of acquisition Cost, normal purchase price Inventory number Total Checkouts Full call number Barcode Date last seen Cost, replacement price Price effective from Koha item type
    Dewey Decimal Classification     MCA St Aloysius Institute of Management & Information Technology St Aloysius Institute of Management & Information Technology 08/24/2017 Shroff Publishers 950.00 578/1718/INV :2017/08/02   005.76821 KARH MCA15342 05/23/2026 712.50 07/16/2021 Book